[Event "Titled Tuesday intern op 24th Oct Early"]
[Site "Chess.com INT"]
[Date "2023.10.24"]
[Round "7"]
[White "Garv, Gaur"]
[Black "Zahn, Wolfgang"]
[Result "0-1"]
[WhiteElo "2401"]
[BlackElo "2280"]
[PlyCount "168"]
[EventDate "2023.10.24"]
[EventType "swiss (blitz)"]
[EventRounds "11"]
[EventCountry "USA"]
[SourceTitle "EXT 2025"]
[Source "ChessBase"]
[SourceDate "2024.10.14"]
[SourceVersion "1"]
[SourceVersionDate "2024.10.14"]
[SourceQuality "1"]

1. Nf3 c5 2. e3 g6 3. d4 Bg7 4. b3 cxd4 5. exd4 d5 6. Bb2 Nf6 7. Bd3 0-0 8. 0-0 Nc6 9. Ne5 Bf5 10. Bxf5 gxf5 11. Nd2 Nxe5 12. dxe5 Nd7 13. f4 e6 14. Rf3 Rc8 15. Rg3 Kh8 16. Rc1 Qh4 17. Qf3 Rg8 18. Bd4 Bf8 19. Qf2 Rg6 20. Be3 Bc5 21. Nf3 Bxe3 22. Nxh4 Bxf2+ 23. Kxf2 Rxg3 24. hxg3 Rc3 25. Nf3 Nc5 26. Rh1 Rxc2+ 27. Ke3 Ne4 28. g4 fxg4 29. Nd4 Rxg2 30. f5 g3 31. fxe6 fxe6 32. Nxe6 Rh2 33. Rc1 h5 34. Rc8+ Kh7 35. Rc7+ Kg6 36. Nf4+ Kf5 37. e6 g2 38. Rf7+ Ke5 39. Nxg2 Rxg2 40. e7 Nd6 41. e8Q+ Nxe8 42. Re7+ Kd6 43. Rxe8 Rxa2 44. Rh8 Ra3 45. Kd4 Rxb3 46. Rh6+ Kc7 47. Rxh5 Rb5 48. Rh7+ Kb6 49. Rh6+ Ka5 50. Rh1 a6 51. Rc1 Kb6 52. Rg1 a5 53. Rg6+ Ka7 54. Rg3 Ka6 55. Rg8 b6 56. Kc3 Rc5+ 57. Kd4 Kb5 58. Rg1 a4 59. Rg8 Ka5 60. Ra8+ Kb4 61. Rb8 b5 62. Rg8 Rc4+ 63. Kxd5 a3 64. Rg1 a2 65. Ra1 Rc2 66. Kd4 Kb3 67. Kd3 Rc7 68. Rh1 Rd7+ 69. Ke3 b4 70. Rd1 Ka3 71. Rxd7 a1Q 72. Ra7+ Kb2 73. Rxa1 Kxa1 74. Kd4 b3 75. Kc3 b2 76. Kc4 b1Q 77. Kd5 Qb6 78. Ke5 Kb2 79. Kf5 Kc3 80. Ke4 Kd2 81. Ke5 Kd3 82. Kd5 Qb5+ 83. Ke6 Ke4 84. Kd6 Qb6+ 0-1

[Event "Titled Tuesday intern op 13th Jun Early"]
[Site "Chess.com INT"]
[Date "2023.06.13"]
[Round "3"]
[White "Chernomordik, Pavel"]
[Black "Zahn, Wolfgang"]
[Result "1-0"]
[WhiteElo "2144"]
[BlackElo "2280"]
[PlyCount "117"]
[EventDate "2023.06.13"]
[EventType "swiss (blitz)"]
[EventRounds "11"]
[EventCountry "USA"]
[SourceTitle "EXT 2024"]
[Source "ChessBase"]
[SourceDate "2023.10.10"]
[SourceVersion "1"]
[SourceVersionDate "2023.10.10"]
[SourceQuality "1"]

1. e4 c5 2. Nc3 a6 3. g3 e5 4. Nf3 Nc6 5. Bg2 g6 6. d3 Bg7 7. Be3 d6 8. Nd5 Nge7 9. c3 Nxd5 10. exd5 Ne7 11. Nd2 h6 12. 0-0 Nf5 13. Re1 Nxe3 14. Rxe3 0-0 15. a4 b6 16. Nc4 f5 17. Re1 Ra7 18. a5 b5 19. Nb6 f4 20. Be4 Bf5 21. g4 Bxe4 22. dxe4 f3 23. Re3 Raf7 24. c4 b4 25. Kh1 Qh4 26. Qg1 Rf4 27. Qg3 Rxg4 28. Qxh4 Rxh4 29. Rg1 Kh7 30. Rg3 Rhf4 31. b3 h5 32. Na4 Bh6 33. Nb2 h4 34. Rg1 R4f7 35. Ree1 Bd2 36. Rd1 Bc3 37. Nd3 Bd4 38. Rg4 Rf4 39. Rdg1 Rxg4 40. Rxg4 Kg7 41. Rxh4 g5 42. Rg4 Kh6 43. h3 Kh5 44. Kh2 Rf7 45. Kg3 Rf8 46. Ne1 Rf6 47. Nxf3 Rf4 48. Rxg5+ Kh6 49. Rg4 Rf6 50. h4 Rf8 51. Kg2 Kh7 52. Ng5+ Kh6 53. f3 Be3 54. Ne6 Rf7 55. Kg3 Bd2 56. Rg8 Be1+ 57. Kg4 Kh7 58. Rd8 Rf6 59. h5 1-0

[Event "Titled Tuesday intern op 06th Jun Early"]
[Site "Chess.com INT"]
[Date "2023.06.06"]
[Round "10"]
[White "Chernobay, Artem"]
[Black "Zahn, Wolfgang"]
[Result "1-0"]
[WhiteElo "2484"]
[BlackElo "2280"]
[PlyCount "61"]
[EventDate "2023.06.06"]
[EventType "swiss (blitz)"]
[EventRounds "11"]
[EventCountry "USA"]
[SourceTitle "EXT 2024"]
[Source "ChessBase"]
[SourceDate "2023.10.10"]
[SourceVersion "1"]
[SourceVersionDate "2023.10.10"]
[SourceQuality "1"]

1. d4 Nf6 2. c3 g6 3. Bg5 Bg7 4. Nd2 d5 5. Ngf3 h6 6. Bxf6 Bxf6 7. e4 dxe4 8. Nxe4 Bg7 9. h4 b6 10. h5 g5 11. Bb5+ Kf8 12. Qe2 Bb7 13. 0-0-0 a6 14. Bc4 b5 15. Bb3 e6 16. Nc5 Bd5 17. Ne5 Qd6 18. Ne4 Qe7 19. Qf3 Kg8 20. Bxd5 exd5 21. Ng3 Bxe5 22. dxe5 c6 23. Nf5 Qe6 24. Nd4 Qxe5 25. Rde1 Qf4+ 26. Qxf4 gxf4 27. Re8+ Kh7 28. Re7 Kg7 29. Rh4 c5 30. Rxf4 cxd4 31. Rexf7+ 1-0

[Event "Titled Tuesday intern op 06th Jun Early"]
[Site "Chess.com INT"]
[Date "2023.06.06"]
[Round "1"]
[White "Martin Fuentes, Alberto"]
[Black "Zahn, Wolfgang"]
[Result "1/2-1/2"]
[WhiteElo "2388"]
[BlackElo "2280"]
[PlyCount "197"]
[EventDate "2023.06.06"]
[EventType "swiss (blitz)"]
[EventRounds "11"]
[EventCountry "USA"]
[SourceTitle "EXT 2024"]
[Source "ChessBase"]
[SourceDate "2023.10.10"]
[SourceVersion "1"]
[SourceVersionDate "2023.10.10"]
[SourceQuality "1"]

1. e4 c5 2. Nc3 a6 3. g3 e5 4. d3 Nc6 5. f4 d6 6. Bg2 g6 7. Nf3 Bg7 8. 0-0 Nge7 9. Nh4 f5 10. exf5 Nxf5 11. Nxf5 Bxf5 12. Bd5 Qd7 13. Be3 Ne7 14. Bg2 0-0-0 15. Qd2 Bh3 16. Rae1 Rhf8 17. a3 Bxg2 18. Qxg2 Qc6 19. Ne4 Nf5 20. fxe5 Bxe5 21. c3 Qd5 22. Qe2 c4 23. Rd1 cxd3 24. Qxd3 Qxd3 25. Rxd3 Nxe3 26. Rxe3 Rxf1+ 27. Kxf1 Rf8+ 28. Ke2 Kc7 29. Rf3 Rxf3 30. Kxf3 Kc6 31. Ng5 h5 32. Ke4 Kc5 33. Kd3 d5 34. b3 b5 35. Nf7 Bc7 36. Nh8 g5 37. Nf7 g4 38. Ng5 Be5 39. Ne6+ Kd6 40. Nd8 Bf6 41. Nf7+ Ke7 42. Nh6 Ke6 43. c4 dxc4+ 44. bxc4 bxc4+ 45. Kxc4 Be7 46. a4 Bd6 47. Kd4 h4 48. Nxg4 hxg3 49. hxg3 Bxg3 50. Kc4 Kd6 51. Ne3 Kc6 52. Nd5 Be1 53. Ne3 Kb6 54. Nc2 Bd2 55. Kb3 Kc5 56. Na3 a5 57. Nc4 Bb4 58. Ne5 Kd4 59. Nc6+ Kc5 60. Ne7 Kd4 61. Ng6 Kc5 62. Nh4 Kb6 63. Nf5 Ka6 64. Kc4 Kb6 65. Kd5 Ka6 66. Ne3 Kb6 67. Nc4+ Ka6 68. Kc6 Ka7 69. Ne5 Ka6 70. Nd3 Ka7 71. Kb5 Kb7 72. Nf4 Ka7 73. Nd5 Kb7 74. Ne7 Ka7 75. Nc6+ Kb7 76. Nd4 Ka7 77. Kc6 Ka6 78. Ne6 Ka7 79. Kc7 Ka6 80. Nf4 Ka7 81. Nd5 Ka6 82. Kb8 Bd2 83. Kc8 Ka7 84. Kc7 Ka6 85. Kc6 Ka7 86. Kb5 Kb7 87. Ne7 Ka7 88. Kc6 Ka6 89. Nc8 Bc3 90. Nd6 Bd2 91. Kd5 Be1 92. Kc6 Ka7 93. Kd5 Ka6 94. Ke4 Kb6 95. Kd3 Kc5 96. Ne4+ Kb4 97. Nd6 Kxa4 98. Nb7 Kb5 99. Nxa5 1/2-1/2

[Event "Titled Tuesday intern op 06th Jun Early"]
[Site "Chess.com INT"]
[Date "2023.06.06"]
[Round "2"]
[White "Zahn, Wolfgang"]
[Black "Gavrilov, Maxim"]
[Result "1-0"]
[WhiteElo "2280"]
[BlackElo "2179"]
[PlyCount "81"]
[EventDate "2023.06.06"]
[EventType "swiss (blitz)"]
[EventRounds "11"]
[EventCountry "USA"]
[SourceTitle "EXT 2024"]
[Source "ChessBase"]
[SourceDate "2023.10.10"]
[SourceVersion "1"]
[SourceVersionDate "2023.10.10"]
[SourceQuality "1"]

1. d4 Nf6 2. c4 c6 3. Nf3 d5 4. e3 e6 5. Nc3 Nbd7 6. b3 Bd6 7. Be2 0-0 8. 0-0 b6 9. Bb2 Bb7 10. Rc1 Re8 11. Re1 Qe7 12. Qc2 Rac8 13. e4 dxe4 14. Nxe4 Bf4 15. Rcd1 c5 16. Bd3 h6 17. d5 e5 18. g3 Bg5 19. Nexg5 hxg5 20. Bf5 e4 21. Nxg5 Ne5 22. f4 Nd3 23. Re3 Nxb2 24. Qxb2 Rcd8 25. Nxe4 Nxe4 26. Rxe4 Qd6 27. Rde1 Rxe4 28. Rxe4 b5 29. Qe2 Qf8 30. Qh5 g6 31. Bxg6 Qg7 32. Bf5 bxc4 33. bxc4 Bc8 34. Kg2 Qb2+ 35. Kh3 Qg7 36. Re7 Rd6 37. Kg2 Qb2+ 38. Kh3 Qg7 39. Re8+ Qf8 40. Rxf8+ Kg7 41. Qh8# 1-0

[Event "Titled Tuesday intern op 16th May Late"]
[Site "Chess.com INT"]
[Date "2023.05.16"]
[Round "3"]
[White "Zahn, Wolfgang"]
[Black "Haszon, David"]
[Result "0-1"]
[WhiteElo "2280"]
[BlackElo "2264"]
[PlyCount "174"]
[EventDate "2023.05.16"]
[EventType "swiss (blitz)"]
[EventRounds "11"]
[EventCountry "USA"]
[SourceTitle "CBM 214 Extra"]
[Source "ChessBase"]
[SourceDate "2023.07.31"]
[SourceVersion "1"]
[SourceVersionDate "2023.07.31"]
[SourceQuality "1"]

1. d4 Nf6 2. c4 e6 3. Nf3 d5 4. g3 Be7 5. Bg2 0-0 6. Nbd2 c6 7. 0-0 a6 8. a4 Nbd7 9. Qc2 Qa5 10. e4 dxe4 11. Nxe4 Nxe4 12. Qxe4 Nf6 13. Qe2 Re8 14. Ne5 c5 15. Bd2 Qb6 16. d5 exd5 17. cxd5 Bd6 18. a5 Qxb2 19. f4 Bxe5 20. fxe5 Rxe5 21. Rab1 Qd4+ 22. Qf2 Nxd5 23. Rfd1 Be6 24. Qxd4 cxd4 25. Rxb7 Nc3 26. Bxc3 dxc3 27. Rc7 Rf8 28. Ra1 Re3 29. Kf2 Rd3 30. Bf1 Rd2+ 31. Ke3 Rxh2 32. Rxc3 Re8 33. Kf4 h6 34. Bxa6 g5+ 35. Kf3 Bf5 36. Bb7 g4+ 37. Kf4 Rf2+ 38. Bf3 Be6 39. Re3 gxf3 40. a6 Ra8 41. a7 Rb2 42. Kxf3 Rb3 43. Kf4 Rxe3 44. Kxe3 Kg7 45. Kf4 Kg6 46. Ra6 Kf6 47. g4 Ke7 48. Ke5 Kd7 49. Ra4 Kc7 50. Kf6 Kb7 51. Kg7 Rxa7 52. Rb4+ Kc6 53. Kxh6 f5 54. gxf5 Bxf5 55. Kg5 Be6 56. Kf6 Bd5 57. Rb2 Rf7+ 58. Ke5 Re7+ 59. Kd4 Re4+ 60. Kd3 Rh4 61. Rc2+ Kd6 62. Rc8 Rh3+ 63. Kd4 Rh4+ 64. Kd3 Ke5 65. Re8+ Be6 66. Re7 Rh3+ 67. Kd2 Kd5 68. Re8 Bf5 69. Ke2 Be4 70. Kf2 Rf3+ 71. Ke2 Rf7 72. Rd8+ Ke5 73. Re8+ Kd4 74. Rd8+ Bd5 75. Re8 Bc4+ 76. Ke1 Bd3 77. Rd8+ Ke3 78. Re8+ Be4 79. Re6 Rc7 80. Rd6 Bd3 81. Re6+ Be4 82. Rd6 Rh7 83. Rf6 Rh1+ 84. Rf1 Rh2 85. Rg1 Re2+ 86. Kd1 Bf3 87. Kc1 Kd3 0-1

[Event "Titled Tuesday intern op 11th Apr Early"]
[Site "Chess.com INT"]
[Date "2023.04.11"]
[Round "4"]
[White "Zahn, Wolfgang"]
[Black "Teterev, Vitaly"]
[Result "1/2-1/2"]
[WhiteElo "2280"]
[BlackElo "2377"]
[PlyCount "133"]
[EventDate "2023.04.11"]
[EventType "swiss (blitz)"]
[EventRounds "11"]
[EventCountry "USA"]
[SourceTitle "CBM 213 Extra"]
[Source "ChessBase"]
[SourceDate "2023.05.31"]
[SourceVersion "1"]
[SourceVersionDate "2023.05.31"]
[SourceQuality "1"]

1. d4 Nf6 2. c4 g6 3. g3 Bg7 4. Bg2 0-0 5. e4 d6 6. Ne2 c5 7. 0-0 Nc6 8. d5 Ne5 9. Qc2 e6 10. h3 exd5 11. exd5 Bf5 12. Qb3 Bd3 13. Re1 Bxc4 14. Qc2 Bxd5 15. Nd2 Bxg2 16. Kxg2 Qd7 17. f4 Qc6+ 18. Kh2 Nf3+ 19. Nxf3 Qxf3 20. Ng1 Qc6 21. Bd2 Rfe8 22. Bc3 d5 23. b3 d4 24. Bb2 Nd5 25. Qg2 Rad8 26. Rac1 d3 27. Bxg7 Kxg7 28. Red1 Ne3 29. Qxc6 bxc6 30. Rd2 Rd5 31. Nf3 Re4 32. Ne5 c4 33. bxc4 Rdd4 34. Rxd3 Rxd3 35. Nxd3 Rxc4 36. Rxc4 Nxc4 37. Kg2 Kf6 38. Kf3 Ke6 39. Ke4 Kd6 40. Kd4 Nd2 41. Ne5 f6 42. Ng4 c5+ 43. Kd3 Nf1 44. Nxf6 Nxg3 45. Nxh7 Nh5 46. Ke4 c4 47. Ng5 Kc5 48. Nf3 c3 49. Ne1 Kc4 50. Ke5 a5 51. h4 a4 52. f5 gxf5 53. Kxf5 Kd4 54. Kg5 Ng3 55. Kg4 Ne4 56. Kf5 Nd6+ 57. Ke6 Ne4 58. h5 Ke3 59. Ke5 Ng5 60. Kd5 Kd2 61. Kc4 Nh7 62. h6 Ng5 63. a3 Nh7 64. Kb4 Ng5 65. Kc4 Nh7 66. Kb4 Ng5 67. Kc4 1/2-1/2

[Event "Titled Tuesday intern op 04th Apr Early"]
[Site "Chess.com INT"]
[Date "2023.04.04"]
[Round "4"]
[White "Winkels, Marcel"]
[Black "Zahn, Wolfgang"]
[Result "1-0"]
[WhiteElo "1962"]
[BlackElo "2280"]
[PlyCount "159"]
[EventDate "2023.04.04"]
[EventType "swiss (blitz)"]
[EventRounds "11"]
[EventCountry "USA"]
[SourceTitle "EXT 2024"]
[Source "ChessBase"]
[SourceDate "2023.10.10"]
[SourceVersion "1"]
[SourceVersionDate "2023.10.10"]
[SourceQuality "1"]

1. d4 Nf6 2. Nc3 g6 3. e4 d5 4. exd5 Nxd5 5. Bc4 c6 6. Nf3 Bg7 7. h3 Nxc3 8. bxc3 0-0 9. 0-0 Nd7 10. Re1 e6 11. Rb1 h6 12. Bf4 Qa5 13. Qd2 Kh7 14. Ne5 Nxe5 15. Bxe5 b6 16. Re3 Ba6 17. Bd3 Qxa2 18. Qe1 Bxd3 19. cxd3 Qd5 20. c4 Qd7 21. Qe2 Bxe5 22. dxe5 c5 23. Rf3 Qd4 24. g3 Rad8 25. Rd1 Rd7 26. Rf4 Qc3 27. Qf3 Kg7 28. Qe4 Rd4 29. Qe3 Rxf4 30. Qxf4 Qd4 31. Qf6+ Kg8 32. Kg2 Qd8 33. Qf4 Qg5 34. Qxg5 hxg5 35. Kf3 Ra8 36. Kg4 a5 37. Kxg5 Kg7 38. Rb1 Ra6 39. Kf4 a4 40. Ke4 a3 41. Ra1 a2 42. d4 Ra3 43. d5 exd5+ 44. cxd5 Kf8 45. d6 Ke8 46. Kd5 Kd7 47. Kc4 Ke6 48. f4 g5 49. Kb5 gxf4 50. gxf4 Rb3+ 51. Kc6 Rb2 52. Kc7 c4 53. d7 Rd2 54. d8Q Rxd8 55. Kxd8 b5 56. Rxa2 b4 57. Ra1 b3 58. Ra6+ Kd5 59. Rb6 Kc5 60. Rb8 Kd4 61. h4 Kc3 62. h5 Kc2 63. h6 b2 64. h7 b1Q 65. Rxb1 Kxb1 66. h8Q c3 67. Qf6 c2 68. Qb6+ Kc1 69. Qe3+ Kd1 70. Qd3+ Kc1 71. f5 Kb2 72. Qxc2+ Kxc2 73. e6 fxe6 74. fxe6 Kd3 75. e7 Kd4 76. e8Q Kd5 77. Qe7 Kd4 78. Qf6+ Ke4 79. Kd7 Kd5 80. Qf5+ 1-0

[Event "Titled Tuesday intern op 04th Apr Early"]
[Site "Chess.com INT"]
[Date "2023.04.04"]
[Round "3"]
[White "Zahn, Wolfgang"]
[Black "Mogirzan, Matei Valeriu"]
[Result "0-1"]
[WhiteElo "2280"]
[BlackElo "1813"]
[PlyCount "104"]
[EventDate "2023.04.04"]
[EventType "swiss (blitz)"]
[EventRounds "11"]
[EventCountry "USA"]
[SourceTitle "EXT 2024"]
[Source "ChessBase"]
[SourceDate "2023.10.10"]
[SourceVersion "1"]
[SourceVersionDate "2023.10.10"]
[SourceQuality "1"]

1. d4 Nf6 2. c4 Nc6 3. d5 Nb8 4. g3 d6 5. Bg2 g6 6. e4 Bg7 7. Ne2 0-0 8. Nbc3 Nbd7 9. 0-0 a5 10. h3 Nc5 11. Be3 b6 12. Qd2 Re8 13. Rae1 Nfd7 14. Nd4 Ne5 15. b3 Ba6 16. f4 Ned3 17. Nc6 Qd7 18. Re2 e5 19. f5 Nb4 20. f6 Bh8 21. Ne7+ Rxe7 22. fxe7 Qxe7 23. Bxc5 bxc5 24. a3 Bg7 25. axb4 axb4 26. Nd1 Bc8 27. Ref2 f5 28. Ne3 f4 29. Ng4 h5 30. gxf4 hxg4 31. f5 Qh4 32. hxg4 Bh6 33. Qe2 Bf4 34. Rxf4 exf4 35. e5 gxf5 36. exd6 fxg4 37. Qe8+ Kg7 38. Qe5+ Qf6 39. Qxf6+ Kxf6 40. Rxf4+ Kg5 41. Rf8 cxd6 42. Bf1 Kh4 43. Rd8 Kg3 44. Rxd6 Bf5 45. Rf6 Be4 46. d6 Rh8 47. Bh3 gxh3 48. Rf2 h2+ 49. Rxh2 Rxh2 50. Kf1 Kf3 51. Ke1 Ke3 52. Kd1 Rh1# 0-1

[Event "Titled Tuesday intern op 14th Mar Early"]
[Site "Chess.com INT"]
[Date "2023.03.14"]
[Round "8"]
[White "Zahn, Wolfgang"]
[Black "Allam, Yara"]
[Result "1-0"]
[WhiteElo "2280"]
[BlackElo "1881"]
[PlyCount "87"]
[EventDate "2023.03.14"]
[EventType "swiss (blitz)"]
[EventRounds "11"]
[EventCountry "USA"]
[SourceTitle "EXT 2024"]
[Source "ChessBase"]
[SourceDate "2023.10.10"]
[SourceVersion "1"]
[SourceVersionDate "2023.10.10"]
[SourceQuality "1"]

1. d4 d5 2. c4 c6 3. Nf3 Nf6 4. e3 g6 5. Nc3 Bg7 6. b3 0-0 7. Bd3 Bg4 8. h3 Bxf3 9. Qxf3 e6 10. 0-0 Nbd7 11. Bb2 Re8 12. e4 e5 13. exd5 exd4 14. Ne2 cxd5 15. Nxd4 Ne5 16. Qd1 dxc4 17. Bxc4 Nxc4 18. bxc4 Qc7 19. Rc1 Qb6 20. Qb3 Qxb3 21. axb3 Ne4 22. Rfd1 Rad8 23. Ba1 Nc5 24. b4 Bxd4 25. Bxd4 Nb3 26. Bf6 Nxc1 27. Rxd8 Rxd8 28. Bxd8 Nd3 29. b5 a6 30. Kf1 Kf8 31. Ke2 Ne5 32. bxa6 bxa6 33. c5 Ke8 34. Bf6 Nc6 35. Kd3 Kd7 36. Kc4 Ke6 37. Bc3 f5 38. f3 Nd8 39. Ba5 Nb7 40. Bb6 Kd7 41. Kd5 Ke7 42. c6 Nd8 43. Bc5+ Ke8 44. c7 1-0

[Event "Titled Tuesday intern op 14th Mar Early"]
[Site "Chess.com INT"]
[Date "2023.03.14"]
[Round "10"]
[White "Zahn, Wolfgang"]
[Black "Necula, Iulian"]
[Result "1-0"]
[WhiteElo "2280"]
[BlackElo "1880"]
[PlyCount "61"]
[EventDate "2023.03.14"]
[EventType "swiss (blitz)"]
[EventRounds "11"]
[EventCountry "USA"]
[SourceTitle "EXT 2024"]
[Source "ChessBase"]
[SourceDate "2023.10.10"]
[SourceVersion "1"]
[SourceVersionDate "2023.10.10"]
[SourceQuality "1"]

1. d4 d6 2. c4 f5 3. g3 Nf6 4. Nc3 g6 5. Bg5 Nbd7 6. f4 h6 7. Bxf6 Nxf6 8. Bg2 c6 9. e4 Bg7 10. e5 Nh5 11. Bf3 0-0 12. Bxh5 gxh5 13. Nf3 dxe5 14. fxe5 Qe8 15. 0-0 Be6 16. d5 cxd5 17. cxd5 Rd8 18. Qb3 Bc8 19. Rae1 Kh7 20. Nh4 Qf7 21. e6 Qf6 22. Nxf5 Qg5 23. Nxg7 Kxg7 24. Qc4 Rxf1+ 25. Rxf1 Qe3+ 26. Kg2 b6 27. Rf7+ Kg6 28. Rxe7 Qd2+ 29. Kh3 Qg5 30. Qe4+ Kf6 31. Rf7# 1-0

[Event "Titled Tuesday intern op 14th Mar Early"]
[Site "Chess.com INT"]
[Date "2023.03.14"]
[Round "3"]
[White "Zahn, Wolfgang"]
[Black "Sai, Han Thiha"]
[Result "1-0"]
[WhiteElo "2280"]
[BlackElo "2070"]
[PlyCount "55"]
[EventDate "2023.03.14"]
[EventType "swiss (blitz)"]
[EventRounds "11"]
[EventCountry "USA"]
[SourceTitle "EXT 2024"]
[Source "ChessBase"]
[SourceDate "2023.10.10"]
[SourceVersion "1"]
[SourceVersionDate "2023.10.10"]
[SourceQuality "1"]

1. d4 Nf6 2. c4 e6 3. Nf3 Bb4+ 4. Bd2 Qe7 5. Qc2 Bxd2+ 6. Nbxd2 d6 7. e4 e5 8. Bd3 Bg4 9. 0-0 0-0 10. a3 c5 11. d5 Bxf3 12. Nxf3 a5 13. g3 Nbd7 14. Nh4 g6 15. Rae1 Rae8 16. Qd2 b6 17. h3 Nh5 18. Be2 Nf4 19. Bg4 h5 20. Bxd7 Qxd7 21. gxf4 Qxh3 22. Ng2 Qb3 23. f5 Qxc4 24. Qh6 gxf5 25. Qg5+ Kh8 26. Qxh5+ Kg7 27. Qg5+ Kh8 28. Re3 1-0

[Event "Titled Tuesday intern op 21st Feb Early"]
[Site "Chess.com INT"]
[Date "2023.02.21"]
[Round "5"]
[White "Bambino Filho, Antonio Carlos"]
[Black "Zahn, Wolfgang"]
[Result "0-1"]
[WhiteElo "2144"]
[BlackElo "2280"]
[PlyCount "68"]
[EventDate "2023.02.21"]
[EventType "swiss (blitz)"]
[EventRounds "11"]
[EventCountry "USA"]
[SourceTitle "CBM 212 Extra"]
[Source "ChessBase"]
[SourceDate "2023.03.31"]
[SourceVersion "1"]
[SourceVersionDate "2023.03.31"]
[SourceQuality "1"]

1. e4 c5 2. Nf3 d6 3. d4 cxd4 4. Nxd4 Nf6 5. Nc3 a6 6. Bc4 Qc7 7. Bb3 e6 8. Qe2 Nc6 9. Be3 Be7 10. f4 Na5 11. f5 Nxb3 12. axb3 0-0 13. 0-0 Bd7 14. Qf3 b5 15. g4 b4 16. Na4 e5 17. Ne2 Bc6 18. Ng3 d5 19. g5 Nxe4 20. Nxe4 dxe4 21. Qg4 Bxa4 22. bxa4 Bc5 23. Rae1 Rad8 24. f6 Rd2 25. fxg7 Rfd8 26. Qxe4 Rxc2 27. Rf2 Rxf2 28. Kxf2 Rd2+ 29. Kg3 Rxb2 30. Rc1 Rb3 31. Rxc5 Qxc5 32. Kf2 Qxe3+ 33. Qxe3 Rxe3 34. Kxe3 a5 0-1

[Event "Titled Tuesday intern op 21st Feb Early"]
[Site "Chess.com INT"]
[Date "2023.02.21"]
[Round "8"]
[White "Poeta, Caio Medeiros"]
[Black "Zahn, Wolfgang"]
[Result "1-0"]
[WhiteElo "2088"]
[BlackElo "2280"]
[PlyCount "125"]
[EventDate "2023.02.21"]
[EventType "swiss (blitz)"]
[EventRounds "11"]
[EventCountry "USA"]
[SourceTitle "CBM 212 Extra"]
[Source "ChessBase"]
[SourceDate "2023.03.31"]
[SourceVersion "1"]
[SourceVersionDate "2023.03.31"]
[SourceQuality "1"]

1. d4 Nf6 2. c4 g6 3. Nc3 Bg7 4. e4 d6 5. f3 0-0 6. Be3 Nbd7 7. Nge2 c5 8. Qd2 a6 9. g3 Qa5 10. Bg2 b5 11. cxb5 axb5 12. 0-0 b4 13. Nd1 c4 14. Nf2 Bb7 15. Rfc1 Rfc8 16. f4 e5 17. fxe5 dxe5 18. d5 Ne8 19. Bh3 Nef6 20. Bg5 Rc5 21. Be3 Rc7 22. a3 c3 23. bxc3 bxa3 24. Ra2 Nc5 25. Bxc5 Qxc5 26. Kg2 Nxd5 27. exd5 Bxd5+ 28. Kf1 Bh6 29. Qxh6 Bxa2 30. Ne4 Qc6 31. Bg2 f5 32. Nf6+ Qxf6 33. Bxa8 Bc4 34. Qe3 a2 35. Qd2 Qa6 36. Bd5+ Kg7 37. Bxc4 Qxc4 38. Ra1 Ra7 39. Kg2 Qe4+ 40. Kg1 Qb1+ 41. Qc1 Qxc1+ 42. Nxc1 Ra3 43. Nxa2 e4 44. Kf2 Kf6 45. Ke3 Ke5 46. Kd2 g5 47. Kc2 f4 48. Kb2 Ra7 49. gxf4+ gxf4 50. Re1 Rd7 51. Nb4 e3 52. Kc2 Rd2+ 53. Kb3 Rxh2 54. Nd3+ Ke4 55. Nc5+ Kf3 56. c4 e2 57. Nd3 Ke3 58. Ne5 f3 59. Ng4+ Kd2 60. Ra1 Rg2 61. Ne5 e1Q 62. Nxf3+ Kd3 63. Nxe1+ 1-0

[Event "Titled Tuesday intern op 07th Feb Late"]
[Site "Chess.com INT"]
[Date "2023.02.07"]
[Round "2"]
[White "Bas Mas, Jose Joaquin"]
[Black "Zahn, Wolfgang"]
[Result "0-1"]
[WhiteElo "2236"]
[BlackElo "2280"]
[PlyCount "112"]
[EventDate "2023.02.07"]
[EventType "swiss (blitz)"]
[EventRounds "11"]
[EventCountry "USA"]
[SourceTitle "EXT 2024"]
[Source "ChessBase"]
[SourceDate "2023.10.10"]
[SourceVersion "1"]
[SourceVersionDate "2023.10.10"]
[SourceQuality "1"]

1. e4 c5 2. Nc3 a6 3. g3 e5 4. Bg2 g6 5. Nge2 Bg7 6. d3 d6 7. 0-0 Ne7 8. h3 Nbc6 9. a4 0-0 10. Bg5 h6 11. Be3 Nd4 12. f4 f5 13. a5 Be6 14. Qd2 Kh7 15. Na4 Nxe2+ 16. Qxe2 Nc6 17. Nb6 Rb8 18. Kh2 Qe7 19. c3 Rbe8 20. Rae1 Nxa5 21. exf5 gxf5 22. Qh5 Nc6 23. Nd5 Qf7 24. Qxf7 Rxf7 25. fxe5 Nxe5 26. Nf4 Bc8 27. Bg1 Rff8 28. Re2 c4 29. d4 Nd3 30. Rxe8 Rxe8 31. Nxd3 cxd3 32. Rd1 Re2 33. Rxd3 Rxb2 34. Re3 Bd7 35. Kh1 Bc6 36. Bxc6 bxc6 37. Re7 Rc2 38. Re6 Rxc3 39. Rxd6 a5 40. Rd7 a4 41. Kg2 a3 42. d5 c5 43. Rc7 Rc2+ 44. Kf3 a2 45. Ra7 a1Q 46. Rxa1 Bxa1 47. Be3 Bd4 48. Bf4 Rc3+ 49. Ke2 Kg6 50. d6 Kf7 51. h4 Ke6 52. h5 Rb3 53. Kd2 Rb7 54. Kd3 Be5 55. Bxe5 Kxe5 56. Kc4 Kxd6 0-1

[Event "Titled Tuesday intern op 07th Feb Late"]
[Site "Chess.com INT"]
[Date "2023.02.07"]
[Round "3"]
[White "Zahn, Wolfgang"]
[Black "Veiga, Jose Francisco RP"]
[Result "0-1"]
[WhiteElo "2280"]
[BlackElo "2398"]
[PlyCount "90"]
[EventDate "2023.02.07"]
[EventType "swiss (blitz)"]
[EventRounds "11"]
[EventCountry "USA"]
[SourceTitle "EXT 2024"]
[Source "ChessBase"]
[SourceDate "2023.10.10"]
[SourceVersion "1"]
[SourceVersionDate "2023.10.10"]
[SourceQuality "1"]

1. d4 g6 2. c4 Bg7 3. g3 c5 4. d5 e6 5. Bg2 exd5 6. cxd5 d6 7. Nc3 Nf6 8. Nf3 0-0 9. 0-0 Bg4 10. Nd2 Re8 11. h3 Bc8 12. a4 b6 13. Nc4 Bb7 14. Bf4 Bf8 15. e4 Ba6 16. b3 Bxc4 17. bxc4 Nbd7 18. Re1 Ne5 19. Bxe5 Rxe5 20. f4 Re8 21. e5 Nh5 22. Qf3 dxe5 23. fxe5 Qg5 24. Ne4 Qxe5 25. g4 Qd4+ 26. Kh1 Rxe4 27. gxh5 Rxe1+ 28. Rxe1 Bd6 29. Qg4 Qxg4 30. hxg4 Kg7 31. Bf1 Kh6 32. Kg2 gxh5 33. gxh5 Kxh5 34. Kf3 Rg8 35. Be2 Rg3+ 36. Ke4+ Kg6 37. Bf3 f5+ 38. Ke3 h5 39. Rh1 Rg5 40. Rh3 Bg3 41. Rh1 h4 42. d6 Kf7 43. Bd5+ Ke8 44. Bc6+ Kd8 45. Kf3 Rg6 0-1